[Event "CAN-ch"]
[Site "Toronto CAN"]
[Date "1972.06.20"]
[Round "11"]
[White "Biyiasas, Peter"]
[Black "Piasetski, Leon"]
[Result "0-1"]
[WhiteElo "2390"]
[BlackElo "2275"]
[PlyCount "104"]
[GameId "2160767913080765"]
[EventDate "1972.06.10"]
[EventType "tourn"]
[EventRounds "17"]
[EventCountry "CAN"]
[SourceTitle "MCD-ch"]

1. g3 g6 2. Bg2 Bg7 3. e4 c5 4. Ne2 Nc6 5. O-O Nf6 6. c4 d6 7. Nbc3 O-O 8. d3 Bd7 9. Rb1 Rb8 10. a3 a5 11. Nb5 Ne8 12. Be3 Nc7 13. Nxc7 Qxc7 14. Nc3 Nd4 15. Nd5 Qd8 16. b4 e6 17. Nf4 cxb4 18. axb4 a4 19. Ne2 Nxe2+ 20. Qxe2 b5 21. c5 dxc5 22. Bxc5 Re8 23. e5 Bf8 24. d4 Qc8 25. Ba7 Rb7 26. Bxb7 Qxb7 27. Bc5 Bh6 28. f4 Bc6 29. Ra1 Qd7 30. h4 Bf8 31. Rfd1 Qd5 32. Kh2 Ra8 33. Bxf8 Kxf8 34. Rac1 a3 35. Rc5 Qf3 36. Qxf3 Bxf3 37. Ra1 Be2 38. Rc2 Bc4 39. Kg2 Ke7 40. Kf2 a2 41. h5 gxh5 42. f5 exf5 43. Rxc4 bxc4 44. d5 c3 45. Ke2 h4 46. gxh4 f4 47. b5 f3+ 48. Kd3 f2 49. Kxc3 f1=Q 50. Rxf1 a1=Q+ 51. Rxa1 Rxa1 52. Kd4 Rc1 0-1

[Event "CAN-ch"]
[Site "Toronto CAN"]
[Date "1972.06.21"]
[Round "12"]
[White "Piasetski, Leon"]
[Black "Coudari, Camille"]
[Result "0-1"]
[WhiteElo "2275"]
[BlackElo "2295"]
[PlyCount "106"]
[GameId "2160767913080776"]
[EventDate "1972.06.10"]
[EventType "tourn"]
[EventRounds "17"]
[EventCountry "CAN"]
[SourceTitle "MCD-ch"]

1. Nf3 g6 2. c4 Bg7 3. d4 Nf6 4. Nc3 d5 5. cxd5 Nxd5 6. Bd2 O-O 7. Rc1 c6 8. e3 Nb6 9. Be2 N8d7 10. Ne4 Nd5 11. O-O e5 12. Nd6 exd4 13. exd4 N7b6 14. Nxc8 Nxc8 15. Qb3 Nd6 16. Rfd1 Re8 17. Bf1 Qb6 18. Qa4 a6 19. Ba5 Qa7 20. Be1 Rad8 21. g3 h6 22. Ba5 Rd7 23. Qb3 Rde7 24. a4 Kh7 25. Bd3 Ne4 26. Bc4 Rd7 27. Kg2 Qb8 28. Rc2 Qd6 29. Re2 f5 30. Rde1 Rc8 31. Rd1 Re7 32. Rc2 Rce8 33. Re2 Qd7 34. Rde1 Ndf6 35. Bb4 b5 36. Bd3 Re6 37. Bc3 Ng4 38. h3 Ngf6 39. axb5 cxb5 40. Bb1 Qb7 41. Ba5 Nd2 42. Rxd2 Rxe1 43. Ba2 R1e7 44. d5 Ne4 45. Rc2 Rd7 46. Rc6 Nf6 47. Re6 Rc8 48. Re5 Rc4 49. Re6 Nxd5 50. Re1 Nf6 51. Kh2 Ra4 52. Re8 Rxa2 53. Ng5+ hxg5 0-1

[Event "CAN-ch"]
[Site "Toronto CAN"]
[Date "1972.06.24"]
[Round "15"]
[White "Witt, Laszlo"]
[Black "Piasetski, Leon"]
[Result "1/2-1/2"]
[WhiteElo "2325"]
[BlackElo "2275"]
[PlyCount "99"]
[GameId "2160767913080806"]
[EventDate "1972.06.10"]
[EventType "tourn"]
[EventRounds "17"]
[EventCountry "CAN"]
[SourceTitle "MCD-ch"]

1. e4 c5 2. f4 g6 3. Nf3 Bg7 4. Nc3 Nc6 5. Be2 d6 6. O-O e6 7. Kh1 Nge7 8. Qe1 Bd7 9. Qg3 Nd4 10. Nxd4 cxd4 11. Nb5 Qb6 12. Na3 Qc5 13. c4 f5 14. Qd3 a5 15. Bf3 fxe4 16. Bxe4 d5 17. Bf3 O-O 18. g3 Rae8 19. b3 Nc6 20. Nc2 dxc4 21. bxc4 e5 22. Ba3 Nb4 23. Bxb4 axb4 24. Bd5+ Kh8 25. fxe5 Bf5 26. Rxf5 Rxf5 27. Bxb7 Qxe5 28. Re1 Qb8 29. Rxe8+ Qxe8 30. Bd5 Rf2 31. Kg1 Qe2 32. Qxe2 Rxe2 33. Nxb4 Rxd2 34. Be4 Rb2 35. Nc2 Rxa2 36. Kf1 Rb2 37. Ke2 Rb3 38. Bd3 Kg8 39. Ne1 g5 40. Kf3 Kf7 41. Kg4 h6 42. Kf5 Bf6 43. Be4 Rb2 44. Nc2 h5 45. Bd3 Rb1 46. c5 Rd1 47. Nb4 Rc1 48. Nc2 Rd1 49. Nb4 Rc1 50. Nc2 1/2-1/2

[Event "CAN-ch"]
[Site "Toronto CAN"]
[Date "1972.06.26"]
[Round "17"]
[White "Allan, Denis"]
[Black "Piasetski, Leon"]
[Result "1/2-1/2"]
[WhiteElo "2355"]
[BlackElo "2275"]
[PlyCount "20"]
[GameId "2160767913080816"]
[EventDate "1972.06.10"]
[EventType "tourn"]
[EventRounds "17"]
[EventCountry "CAN"]
[SourceTitle "MCD-ch"]

1. e4 Nf6 2. e5 Nd5 3. d4 d6 4. Nf3 g6 5. Bc4 c6 6. O-O Bg7 7. Re1 O-O 8. c3 dxe5 9. Nxe5 Nd7 10. Nd3 N7f6 1/2-1/2

[Event "CAN-op"]
[Site "St. John's CAN"]
[Date "1970.08.06"]
[Round "10"]
[White "Brodeur, Gilles"]
[Black "Piasetski, Leon"]
[Result "0-1"]
[WhiteElo "2082"]
[BlackElo "2188"]
[PlyCount "106"]
[GameId "2160767913106158"]
[EventDate "1970.07.29"]
[EventType "swiss"]
[EventRounds "10"]
[EventCountry "CAN"]
[SourceTitle "EXT 2022"]
[Source "ChessBase"]
[SourceDate "2021.10.06"]
[SourceVersion "1"]
[SourceVersionDate "2021.10.06"]
[SourceQuality "1"]

1. Nf3 g6 2. c4 Bg7 3. Nc3 Nf6 4. e4 d6 5. d4 O-O 6. Be2 e5 7. O-O Nc6 8. d5 Ne7 9. Ne1 Nd7 10. Nd3 f5 11. Bd2 Nf6 12. f3 f4 13. b4 g5 14. Nb5 Rf7 15. Rc1 a6 16. Na3 Bf8 17. c5 Ng6 18. cxd6 cxd6 19. Nf2 h5 20. h3 Rg7 21. Nc4 Nh8 22. Be1 Nf7 23. a4 g4 24. hxg4 hxg4 25. fxg4 Nh6 26. a5 Nfxg4 27. Nxg4 Nxg4 28. Rc3 Qg5 29. Nb6 Rb8 30. Qd3 Qh5 31. Qh3 Qxh3 32. Rxh3 Ne3 33. Rxe3 fxe3 34. Bh4 Bg4 35. Bxg4 Rxg4 36. Nd7 Rxh4 37. Nxb8 Rxe4 38. Nd7 Be7 39. Rb1 Kg7 40. g3 Bg5 41. Kf1 Kg6 42. Nf8+ Kf5 43. Ne6 Rg4 44. Nxg5 Rxg5 45. b5 Ke4 46. Rb4+ Kf3 47. bxa6 bxa6 48. Rb7 Rxg3 49. Rf7+ Ke4 50. Rb7 Rf3+ 51. Ke2 Rf2+ 52. Ke1 Ra2 53. Rb1 Rh2 0-1

[Event "Calgary op"]
[Site "Calgary CAN"]
[Date "2024.12.27"]
[Round "2"]
[White "Piasetski, Leon"]
[Black "Georgiev, Vladimir"]
[Result "0-1"]
[WhiteElo "2178"]
[BlackElo "2388"]
[PlyCount "64"]
[GameId "2128670426841826"]
[EventDate "2024.12.26"]
[EventType "swiss"]
[EventRounds "9"]
[EventCountry "CAN"]
[SourceTitle "Mega2025 Update 10"]
[Source "Chessbase"]
[SourceDate "2025.01.09"]
[SourceVersion "1"]
[SourceVersionDate "2025.01.09"]
[SourceQuality "1"]

1. c4 e5 2. Nc3 Nf6 3. Nf3 Nc6 4. d3 g6 5. g3 Bg7 6. Bg2 O-O 7. O-O h6 8. d4 d6 9. d5 Nb8 10. e4 a5 11. Ne1 Na6 12. Nd3 c6 13. h3 cxd5 14. cxd5 Bd7 15. a4 Qc8 16. Kh2 Nb4 17. Be3 Qc4 18. Nc1 Nh7 19. Qd2 f5 20. Bxh6 f4 21. Bxg7 Kxg7 22. gxf4 Rxf4 23. N1e2 Rh4 24. Qe3 Nf6 25. Qg3 Rah8 26. f4 Bxh3 27. Bxh3 Nxe4 28. Qg2 Rxh3+ 29. Qxh3 Rxh3+ 30. Kxh3 Qd3+ 31. Kg2 Nxd5 32. Rf3 Qd2 0-1

[Event "Calgary op"]
[Site "Calgary CAN"]
[Date "2024.12.28"]
[Round "4"]
[White "Arruebarrena, Rafael"]
[Black "Piasetski, Leon"]
[Result "1/2-1/2"]
[WhiteElo "2093"]
[BlackElo "2178"]
[PlyCount "86"]
[GameId "2128670426850042"]
[EventDate "2024.12.26"]
[EventType "swiss"]
[EventRounds "9"]
[EventCountry "CAN"]
[SourceTitle "Mega2025 Update 10"]
[Source "Chessbase"]
[SourceDate "2025.01.09"]
[SourceVersion "1"]
[SourceVersionDate "2025.01.09"]
[SourceQuality "1"]

1. e4 g6 2. d4 Bg7 3. Nc3 d6 4. Be3 a6 5. Qd2 b5 6. O-O-O Bb7 7. f3 Nd7 8. h4 h6 9. Nh3 e6 10. Bd3 Ne7 11. Kb1 Nb6 12. Rhg1 Qd7 13. g4 O-O-O 14. Qf2 Rdf8 15. Nf4 Rhg8 16. a3 Bh8 17. Nfe2 Bg7 18. d5 Nc4 19. Bxc4 bxc4 20. Bd4 e5 21. Be3 f5 22. gxf5 gxf5 23. Rxg7 Rxg7 24. Bxh6 Rgf7 25. Bxf8 Rxf8 26. Qh2 Rh8 27. Rg1 f4 28. Rg7 Kd8 29. h5 Qe8 30. Rg5 Rh6 31. Qh4 Bc8 32. Kc1 Qh8 33. Qh2 Bd7 34. Nb1 Be8 35. Nd2 Qf6 36. Qg1 Rxh5 37. Rxh5 Bxh5 38. Qh1 Qg5 39. Nxc4 Ng6 40. Nd2 Nh4 41. Qg1 Qxg1+ 42. Nxg1 Ng2 43. Nf1 Ke7 1/2-1/2